| 000 | 00948nam a2200205 i 4500 | ||
|---|---|---|---|
| 001 | 183591 | ||
| 003 | ES-MaACL | ||
| 005 | 20250826055615.0 | ||
| 008 | 140725s1844 sp |||| | spa d | ||
| 080 | _a61:37(460) | ||
| 100 | 1 |
_aMartínez López, Luciano. _9155095 |
|
| 245 | 1 | 3 |
_aEl mataplan : _bllamado vulgarmente el plan monstruo médico, o sea defensorio de doctores romancistas y de prácticos matistas / _cpor una sociedad de apasionados al plan, bajo la dirección del licenciado en Medicina D. Luciano Martínez López. |
| 260 |
_a[S.l.] : _b[s.n.], _c1844 ( _eMadrid : _fImp. del Boletín de Medicina) |
||
| 300 |
_a43 p. ; _c19 cm. |
||
| 530 | _aDisponible en formato digital. | ||
| 650 | 7 |
_aMedicina- _xEstudio y enseñanza- _zEspaña _2 _9151425 |
|
| 852 |
_aES-MaACL _jR-1365(5) _z.- Donat. Mateo Seoane |
||
| 856 | 4 | 1 |
_uhttp://bdh-rd.bne.es/viewer.vm?id=0000083353&page=1 _zBiblioteca Digital Hispánica |
| 999 |
_c183591 _d183591 |
||